Le monde de Donald - Statistiques

Statistiques générales
  • Ce quiz a été pris 238 fois
    197 depuis la dernière actualisation
  • Le résultat moyen est 9 sur 13
Statistiques - réponses
Indices Nom du personnage % Correct
L'oncle avare Balthazar Picsou
96%
Le personnage principal Donald Duck
96%
Un des neveux Fifi Duck
91%
Un des neveux Riri Duck
91%
Un des neveux Loulou Duck
90%
La fiancée Daisy Duck
89%
L'inventeur loufoque Géo Trouvetou
71%
Le cousin chanceux Gontran Bonheur
66%
L'aide gloutonne de la grand-mère Gus Glouton
53%
Le cousin maladroit Popop
48%
La grand-mère Elvire Écoutum / Grand-mère Donald
46%
Le voisin râleur Achille Lagrogne
37%
La mère des trois neveux Della Duck
31%
Aucun quiz correspondant
Distribution des résultats
% des personnes avec chaque résultat
Percentile par nombre de réponses
Votre historique - résultats
Vous n’avez pas pris ce quiz depuis la dernière actualisation